Sports Quiz

Random Sports Quiz

Campeones Absolutos de Fénix Lucha Libre Quiz Stats

Quiz not verified by Sporcle

Challenge
Share
Tweet
Embed
Score 0/7 Timer 02:00
0 Plays Today
Evento Respuesta % Correct
Renacer 2014Francesco Di Bassi
96.8%
Del Cielo al Infierno 2014Francesco Di Bassi
96.8%
Rebelión 22.02.2015Francesco Di Bassi
96.8%
Rebelión 29.11.2015Démian Kross
96.7%
Rebelión 23.11.2014Sebastian Bash
93.5%
Rebelión 26.07.2015Alex Santos
93.3%
Rebelión 22.02.2015Guanchulo
83.9%

You're not logged in!

Compare scores with friends on all Sporcle quizzes.
Sign Up with Email
OR
Log In

You Might Also Like...

Show Comments

Extras

Top Quizzes Today


Score Distribution

Your Account Isn't Verified!

In order to create a playlist on Sporcle, you need to verify the email address you used during registration. Go to your Sporcle Settings to finish the process.